000 00651nam a2200241Ia 4500
003 OSt
005 20220928124310.0
006 a|||||r|||| 00| 0
007 ta
008 220927b |||||||| |||| 00| 0 eng d
024 _a64121
037 _cTextual
040 _aSDCL
_cSDCL
_beng
041 _2eng
_aeng
082 _aZ1, M1
100 _aGlahn Gerhard Von
_9464241
245 0 _aLaw among nations
_b An introduction to public international law
250 _a4th
260 _aNew York
_b Macmillan Publishing
300 _axv,810
_ccm.
942 _hZ1, M1
_cTEXL
_2CC
999 _c777120
_d777120